Fixed Income Markets and Their Derivatives. (Record no. 2277)

MARC details
005 - DATE AND TIME OF LATEST TRANSACTION
control field 20250515131557.0
020 ## - INTERNATIONAL STANDARD BOOK NUMBER
International Standard Book Number 0-324-00446-X
082 ## - DEWEY DECIMAL CLASSIFICATION NUMBER
Classification number LECT 332.632 SUN
100 ## - MAIN ENTRY--PERSONAL NAME
Author name SUNDARESAN, S.
245 ## - TITLE STATEMENT
Title Fixed Income Markets and Their Derivatives.
250 ## - EDITION STATEMENT
Edition statement 2nd Ed.
260 ## - PUBLICATION, DISTRIBUTION, ETC.
Place of publication, distribution, etc. Australia,
Name of publisher, distributor, etc. South-Western,
Date of publication, distribution, etc. 2002.
300 ## - PHYSICAL DESCRIPTION
Extent xv, 717p.: ill.; figure, graph, table.
Other physical details Index & reference.
Dimensions 24cm.
856 ## - ELECTRONIC LOCATION AND ACCESS
Link text Access Online Book
Electronic name Fixed Income Markets and Their Derivatives.
Path http://finance.swcollege.com
942 ## - ADDED ENTRY ELEMENTS (KOHA)
Source of classification or shelving scheme Dewey Decimal Classification
Koha item type Books
Holdings
Date last seen Total checkouts Full call number Barcode Cost, replacement price Price effective from Koha item type Lost status Source of classification or shelving scheme Damaged status Not for loan Withdrawn status Home library Current library Shelving location Date acquired Cost, normal purchase price
05/14/2025   LECT 332.632 SUN 0000008713 150000.00 05/14/2025 Books   Dewey Decimal Classification       College of Business Education Main Library College of Business Education Main Library General Collection 11/28/2014 50000.00